Encouraging sustainable rubber smallholdings in Nigeria through production and distribution of reliable rubber planting materials (Record no. 75714)

MARC details
000 -LEADER
fixed length control field 00759nam a22001577a 4500
100 ## - MAIN ENTRY--AUTHOR NAME
Personal name Esekhade, T.U.
245 ## - TITLE STATEMENT
Title Encouraging sustainable rubber smallholdings in Nigeria through production and distribution of reliable rubber planting materials
260 ## - PUBLICATION, DISTRIBUTION, ETC. (IMPRINT)
Name of publisher Natural Rubber Industry: Way forward for the Competitiveness and Sustainability: Proceedings of the International Rubber Conference 2019, 30 September- 1st October 2019, International Rubber Research and Development Board and Myanmar Rubber Planters and Producers Association, Nai Pyi Taw,, Myanmar, pp. 30-37.
Year of publication 2022
650 ## - SUBJECT ADDED ENTRY--TOPICAL TERM
Topical Term Decentralized nursery
650 ## - SUBJECT ADDED ENTRY--TOPICAL TERM
Topical Term Gross margin
650 ## - SUBJECT ADDED ENTRY--TOPICAL TERM
Topical Term Nigeria
700 ## - ADDED ENTRY--PERSONAL NAME
Personal name Idoko, S.O.
700 ## - ADDED ENTRY--PERSONAL NAME
Personal name Mesike, S.
942 ## - ADDED ENTRY ELEMENTS (KOHA)
Koha item type Articles
Holdings
Withdrawn status Lost status Damaged status Not for loan Home library Current library Date acquired Koha item type
        RRII Library RRII Library 31/10/2025 Articles